000 00495nam a2200169 i 4500
001 40807
003 ES-MaACL
005 20230906160319.0
007 t|
008 030307s1981 it ||||1| ita d
100 1 _aCariddi, Walter.
_935244
245 1 3 _aIl pensiero polĂ­tico e pedagogico di Vicenzo Cuoco /
_cWalter Cariddi.
260 _aLecce :
_bMilella,
_c[1981]
300 _a504 p. ;
_c21 cm.
600 1 4 _aCuoco, Vincenzo (
_d1770-1823)
_9154717
852 _aES-MaACL
_jL-7826
_bR.108038
999 _c40807
_d40807